| 000 | 01016nac a22003730a 4500 | ||
|---|---|---|---|
| 001 | PT41206 | ||
| 003 | AR-LpoUNG | ||
| 005 | 20210201005419.0 | ||
| 008 | 201001s2006||||ag |||||||||||||||||spa d | ||
| 020 |
_a9876030000 _c$43 |
||
| 040 |
_aAR-LpoUNG _bspa _eaacr |
||
| 041 | _aspa | ||
| 044 | _aag | ||
| 082 | 0 | _a982.063 464jua | |
| 100 | 1 | _aRein, Raanan | |
| 245 | 1 | 0 |
_aJuan Atilio Bramuglia : _bbajo la sombra del líder : la segunda línea de liderazgo peronista |
| 250 | _a1§ ed. | ||
| 260 |
_aBuenos Aires : _bLumiere - Universidad de Tel Aviv, _c2006. |
||
| 300 |
_a335 p. : _bil. _3Impreso |
||
| 650 | 4 | _aANALISIS HISTORICO | |
| 650 | 4 | _aARGENTINA | |
| 650 | 4 | _aBIOGRAFIAS | |
| 650 | 4 | _aHISTORIA | |
| 650 | 4 | _aHISTORIA POLITICA | |
| 650 | 4 | _aIDEOLOGIAS POLITICAS | |
| 650 | 4 | _aLIDERAZGO POLITICO | |
| 650 | 4 | _aPOLITICA | |
| 651 | 4 | _aArgentina | |
| 653 | _aPERON, JUAN DOMINGO | ||
| 653 | _aPERONISMO | ||
| 700 | 1 |
_aNowodworski, Eliezer _etr. |
|
| 905 | _a41206 | ||
| 942 | _cLSALA | ||
| 999 |
_c49473 _d49473 |
||